=LDR 00000nam 2200000 4500 =001 INLIS000000000039976 =005 20130612145553 =008 ***********************************Ind** =035 ##$$0010-061300000039976 =041 ##$$a Ind =082 ##$$a 822 =090 ##$$a 822, Bec c.2 =100 ##$$a Beckett,Samuel =245 ##$$a Sementara Menunggu Godot =260 ##$$a 1999 $b Yogyakarta =300 ##$$a 106 hlm, 21 cm =700 ##$$a Yudi Ahmad Tajudin =850 ##$$a NBPNMAT